Задачи стохастического программирования с вероятностными критериями

Bibliografiska uppgifter
Huvudupphovsman: Кан Ю. С. Юрий Сергеевич
Övriga upphovsmän: Кибзун А. И. Андрей Иванович
Sammanfattning:В книге освещается современное состояние раздела теории стохастических оптимизационных задач, целевыми функциями которых являются функции вероятности и квантили. В приложениях рассматриваемые постановки обычно связаны с принятием решений в условиях неопределенности с учетом риска или требований надежности. Излагаются основы качественной теории, включающей такие традиционные вопросы, как непрерывность, гладкость и свойства выпуклости критериальных функций. Приводятся статистические оценки, детерминированные границы функций вероятности и квантили, а также основанные на них аналитические методы и численные алгоритмы решения рассматриваемых задач. Теоретические положения иллюстрируются многочисленными академическими примерами и решенными прикладными задачами экономического и технического характера.
Språk:ryska
Publicerad: Москва, Физматлит, 2009
Ämnen:
Materialtyp: Bok
KOHA link:https://koha.lib.tpu.ru/cgi-bin/koha/opac-detail.pl?biblionumber=177013

MARC

LEADER 00000nam0a2200000 4500
001 177013
005 20231101223317.0
010 |a 9785922111485 
035 |a (RuTPU)RU\TPU\book\191919 
090 |a 177013 
100 |a 20100310d2009 km y0rusy50 ca 
101 0 |a rus 
102 |a RU 
105 |a a z 001zy 
200 1 |a Задачи стохастического программирования с вероятностными критериями  |f Ю. С. Кан, А. И. Кибзун 
210 |a Москва  |c Физматлит  |d 2009 
215 |a 372 с.  |c ил. 
320 |a Библиогр.: с. 361-371. 
330 |a В книге освещается современное состояние раздела теории стохастических оптимизационных задач, целевыми функциями которых являются функции вероятности и квантили. В приложениях рассматриваемые постановки обычно связаны с принятием решений в условиях неопределенности с учетом риска или требований надежности. Излагаются основы качественной теории, включающей такие традиционные вопросы, как непрерывность, гладкость и свойства выпуклости критериальных функций. Приводятся статистические оценки, детерминированные границы функций вероятности и квантили, а также основанные на них аналитические методы и численные алгоритмы решения рассматриваемых задач. Теоретические положения иллюстрируются многочисленными академическими примерами и решенными прикладными задачами экономического и технического характера. 
606 1 |a Стохастическое программирование  |2 stltpush  |3 (RuTPU)RU\TPU\subj\69430  |9 84281 
610 1 |a биржевой парадокс 
610 1 |a вероятностные критерии 
610 1 |a вероятностные задачи 
610 1 |a принцип равномерности Бармиша-Лагоа 
610 1 |a линейное программирование 
610 1 |a эквивалентные преобразования 
610 1 |a стохастические задачи 
675 |a 519.85  |v 3 
700 1 |a Кан  |b Ю. С.  |g Юрий Сергеевич 
701 1 |a Кибзун  |b А. И.  |g Андрей Иванович 
801 1 |a RU  |b 63413507  |c 20100310 
801 2 |a RU  |b 63413507  |c 20150507  |g RCR 
942 |c BK 
959 |a 13/20100310  |d 1  |e 290,40  |f ЧЗТЛ:1